ՀՀ Գիտությունների ազգային ակադեմիայի հիմնարար գիտական գրադարան  =   Fundamental Scientific Library of NAS RA

Грибоедов и декабристы / (Record no. 301485)

MARC details
000 -LEADER
fixed length control field 00792nam a2200217 a 4500
001 - CONTROL NUMBER
control field 000840124
003 - CONTROL NUMBER IDENTIFIER
control field AM-YeHGA
005 - DATE AND TIME OF LATEST TRANSACTION
control field 20250617144832.0
008 - FIXED-LENGTH DATA ELEMENTS--GENERAL INFORMATION
fixed length control field 111020s1977 ru r 000 0brus d
040 ## - CATALOGING SOURCE
Original cataloging agency AM-YeHGA
041 0# - LANGUAGE CODE
Language code of text/sound track or separate title rus
090 ## - LOCALLY ASSIGNED LC-TYPE CALL NUMBER (OCLC); LOCAL CALL NUMBER (RLIN)
-- 303184
100 1# - MAIN ENTRY--PERSONAL NAME
Personal name Нечкина, Милица Васильевна
Dates associated with a name 1901-1985
245 10 - TITLE STATEMENT
Title Грибоедов и декабристы /
Statement of responsibility, etc. М.В. Нечкина.
250 ## - EDITION STATEMENT
Edition statement 3-е
260 ## - PUBLICATION, DISTRIBUTION, ETC.
Place of publication, distribution, etc. Москва :
Name of publisher, distributor, etc. Художественная литература,
Date of publication, distribution, etc. 1977.
300 ## - PHYSICAL DESCRIPTION
Extent 735 с.
600 14 - SUBJECT ADDED ENTRY--PERSONAL NAME
Personal name Грибоедов, Александр Сергеевич
Dates associated with a name 1795-1829
600 14 - SUBJECT ADDED ENTRY--PERSONAL NAME
Personal name Декабристы
650 14 - SUBJECT ADDED ENTRY--TOPICAL TERM
Topical term or geographic name entry element Русская литература
Chronological subdivision 19 в.
General subdivision Литературная критика
-- Монографии
Holdings
Withdrawn status Lost status Damaged status Not for loan Collection Home library Current library Date acquired Total checkouts Full call number Barcode Date last seen Price effective from Koha item type Public note
        General Fundamental Scientific Library Fundamental Scientific Library 09/01/2017   PII/392780 FL0391379 09/01/2017 09/01/2017 Գրքեր / Books 30 Days Loan


ՀՀ ԳԱԱ հիմնարար գիտական գրադարան
ՀՀ,Երևան 0019
Մարշալ Բաղրամյան 24/6
հեռախոս:(374-10) 52-47-50
Հետադարձ կապ

All site content, except where otherwise noted, is licensed under a
Creative Commons License